| 000 | 00665nam a2200229 a 4500 | ||
|---|---|---|---|
| 001 | 2045 | ||
| 003 | CDMR | ||
| 005 | 20131030163127.0 | ||
| 008 | 130130s2002||||||||||||||||||||||||||||d | ||
| 020 | _a8433925245 | ||
| 040 |
_aCDMR _bcat _cCDMR |
||
| 100 | 1 |
_aKapuscinski, Ryszard _9661 |
|
| 245 | 1 | 3 |
_aLa guerra del fútbol y otros reportajes _cRyszard Kapuscinski ; traducción de Agata Orzeszek |
| 250 | _a2a ed. | ||
| 260 |
_aBarcelona _c2002 _bAnagrama |
||
| 300 | _a252 p. | ||
| 490 | 0 |
_aCónicas Anagrama _v24 |
|
| 650 | 0 | 4 |
_9797 _aReportatges literaris |
| 650 | 0 | 4 |
_94220 _aAmèrica Central _xHistòria |
| 650 | 0 | 4 |
_94224 _aÀfrica _xHistòria |
| 942 |
_cMON _2udc |
||
| 999 |
_c2045 _d2045 |
||